Statistics for Hidden Letters #3

Click here to take the quiz!

General Stats

  • This quiz has been taken 56 times
  • The average score is 10 of 12

Answer Stats

HintAnswer% Correct
European currency mostly usedEuro
98%
Capital of EgyptCairo
96%
Longest river in AfricaNile
94%
Most populous country in AfricaNigeria
92%
Second most populous country in AsiaIndia
90%
Guided answer #1: In order, enter first letter of every answer entered so farCON
88%
Famous empire that was in place in current-TurkeyOttoman
86%
One of the two rivers flowing through Mesopotamia, not EuphratesTigris
84%
Guided answer #2: In order, enter first letter of every answer entered so farCONTIN
82%
Hidden word:CONTINENT
80%
Capital of TennesseeNashville
78%
Capital of EstoniaTallinn
73%

Score Distribution

Percentile by Number Answered

Percent of People with Each Score

Your Score History

You have not taken this quiz